Friedensvorstellungen der Hanse (1356-1474)

Titel: Friedensvorstellungen der Hanse (1356-1474)
Verfasser:
In: Träger und Instrumentarien des Friedens im hohen und späten Mittelalter, (1996), Seite 405-439
alle Artikel anzeigen
Veröffentlicht: 1996
Format: Aufsatz
Sprache: Deutsch
Kein Bild verfügbar
X
alg: 39162334
001A    $01999:11-11-16 
001B    $01999:29-03-21 $t21:45:39.000 
001D    $01999:11-11-16 
001U    $0utf8 
001X    $00 
002@    $0Aox 
003@    $0391623346 
007A    $0391623346 $aHEB 
007T    $0Herdc0103956m 
009P    $A2 $3zusätzliche Angaben $uhttps://journals.ub.uni-heidelberg.de/index.php/vuf/article/view/17532/11340 
010@    $ager 
011@    $a1996 
021A    $aFriedensvorstellungen der Hanse (1356-1474) 
028A    $aJenks $dStuart 
031A    $h405-439 $j1996 
039B    $aIn $8--Aau--. Träger und Instrumentarien des Friedens im hohen und späten Mittelalter. - Sigmaringen : Thorbecke, 1996. - 633, [12] S.. - Ill.. - ISBN 3-7995-6643-0 $x199600000000000595 $9049239252 
045F    $a900.94790902 $eDDC23BSB 
045F/01 $a900 
045F/03 $f0902 
045F/03 $g479 
045F/03 $g4382 
045F/03 $g43832 

lok: 39162334 78

exp: 39162334 78 1 #EPN
201B/01 $019-04-17 $t10:18:21.000 
201U/01 $0utf8 
203@/01 $0787717789 
208@/01 $a11-11-16 $be 
209A/01 $a/ $f000 $x00 
220C/01 $aTitelaufnehmer: pg 
220C/01 $aHerkunft: HI Marburg 
220C/01 $aAnmerkung: *NG 
244Z/01 $2Trx $#Prusy Wschodnie i Zachodnie $8--Trx--Ost- und Westpreußen $x01 $939113373X 
244Z/01 $2Trx $#Baltijos šalys $#kraje bałtyckie $#Baltikum $8--Trx--Baltische Länder $x02 $9391352903 
244Z/01 $aGeschichte 1356-1474 $x03 
244Z/01 $2Trx $#hansaliit $#Hanza $#Hanseatic League $#Hanza-Szövetség $#Hanza $#hanza $#hanza $8--Trx--Hanse $x04 $9391375512 
244Z/01 $2Trx $#sõda ja rahu teooria $#karas ir taika teorija $#war and peace theory $#háború és béke elmélet $#wojna i pokój teoria $#vojna a mier teória $#válka a mír teorie $8--Trx--Krieg und Frieden$gTheorie $x05 $9391374281 
244Z/01 $2Trx $8--Trx--Einzelbeiträge $x06 $9391384570 
244Z/01 $2Trx $8--Trx--elektronische Ressource $x07 $939138452X 
245Z/01 $a06.02 $x01 
247C/01 $82080>Marburg/Lahn, Herder-Institut, Forschungsbibliothek, Bibliographieportal $9336309341
LEADER 00000caa a22000002c 4500
001 391623346
003 DE-603
005 20210329214539.0
007 tu
008 161111s1996 xx |||| | u00||u|ger c
035 |a (DE-599)HEB391623346 
040 |a DE-603  |b ger  |c DE-603  |d DE-603 
041 |a ger 
082 0 4 |8 1\u  |a 900.94790902  |q DE-101  |2 23/BSB 
085 |8 1\u  |b 900 
085 |8 1\u  |z 1  |s 0902 
085 |8 1\u  |z 2  |s 479 
085 |8 1\u  |z 2  |s 4382 
085 |8 1\u  |z 2  |s 43832 
100 1 |a Jenks, Stuart 
245 0 0 |a Friedensvorstellungen der Hanse (1356-1474) 
264 0 |c 1996 
773 0 8 |i In  |t Träger und Instrumentarien des Friedens im hohen und späten Mittelalter  |d Sigmaringen : Thorbecke, 1996  |h 633, [12] S., Ill.  |z 3799566430  |g (1996), Seite 405-439  |w (DE-603)049239252 
856 4 2 |u https://journals.ub.uni-heidelberg.de/index.php/vuf/article/view/17532/11340  |3 zusätzliche Angaben 
924 0 |9 2080  |a (DE-603)787717789  |b DE-2080  |c HES  |d d  |g /